000 00873nam a2200205Ii 4500
003 JO-AjNU
008 230605s9999||||xx |||||||||||||| ||und||
040 _aJO-AjNU
_bara
_erda
_cJO-AjNU
041 _aara
050 1 4 _aLB1115 1996
100 3 _aعطية، عطية محمد مؤلف/الحشكي،يوسف محمد م.مشارك/أحمد،رضا محمد م.مشارك/أبو مغلي،أنور م.مشارك/النبالي،عبد اللطيف مطيع م.مشارك,
_eauthor
_937574
245 0 0 _aطرق تعليم الأطفال القراءة والكتابة
250 _aط3
264 3 1 _aعمان:دار الفكر،1996
300 _a168ص
336 _atext
_btxt
_2rdacontent
337 _aunmediated
_bn
_2rdamedia
338 _avolume
_bnc
_2rdacarrier
650 4 _aالقراءة-دراسة وتعليم. الكتابة-دراسة وتعليم
_937575
999 _aA15711
_c19279
_d19279